Choose the correct U.S. State spelling - Statistics

General Stats
  • This quiz has been taken 57 times
  • The average score is 14 of 15
Answer Stats
Question Answer % Correct
Which one is right? Hawaii
100%
Which one is right? Wyoming
100%
Which one is right? Alabama
97%
Which one is right? Arkansas
97%
Which one is right? Delaware
97%
Which one is right? Illinois
97%
Which one is right? Iowa
97%
Which one is right? Maine
97%
Which one is right? Montana
97%
Which one is right? Louisiana
94%
Which one is right? California
91%
Which one is right? Connecticut
88%
Which one is right? Pennsylvania
88%
Which one is right? Tennessee
82%
Which one is right? Massachusetts
79%
No matching quizzes found
Score Distribution
Percent of People with Each Score
Percentile by Number Answered
Your Score History
You have not taken this quiz